Louis Tomlinson - Send Me Under - All lyrics - Statistics

General Stats
  • This quiz has been taken 5 times
  • The average score is 132 of 204
Answer Stats
Answer % Correct
me
100%
Send
100%
send
100%
(send
100%
under
100%
Under
100%
under,
100%
under)
100%
can
50%
can't
50%
I
50%
is
50%
my
50%
My
50%
again
0%
all
0%
Am
0%
best
0%
Brain
0%
bruised
0%
but
0%
calls
0%
cigarette
0%
disconnect
0%
dots
0%
early
0%
friend,
0%
from
0%
gets
0%
head
0%
her
0%
hurts
0%
ignorance
0%
It
0%
Light
0%
lock
0%
mind
0%
morning
0%
of
0%
phone
0%
replace
0%
round
0%
Scuff
0%
Self-preservation
0%
shoes
0%
sometimes
0%
still
0%
stubbed
0%
the
0%
think
0%
toe
0%
way
0%
way,
0%
worse
0%
wrong
0%
No matching quizzes found
Score Distribution
Percent of People with Each Score
Percentile by Number Answered
Your Score History
You have not taken this quiz